[Event "I Open Internacional 64 Villalba 2013"]
[Site "Collado Villalba ESP"]
[Date "2013.07.27"]
[Round "1.1"]
[White "San Felipe Gonzalez, Tomas"]
[Black "Sanchez Gonzalez, Sergio"]
[Result "0-1"]
[WhiteElo "1726"]
[BlackElo "2304"]
[PlyCount "94"]
[EventDate "2013.07.27"]
[EventType "swiss"]
[EventRounds "9"]
[EventCountry "ESP"]
[Source "lmi"]
[SourceDate "2013.07.27"]

1. d4 Nf6 2. c4 e6 3. Nc3 Bb4 4. e3 O-O 5. Bd3 d5 6. Nf3 c5 7. O-O Nc6 8. Qe2
cxd4 9. exd4 dxc4 10. Bxc4 Nxd4 11. Nxd4 Qxd4 12. Rd1 Qg4 13. f3 Qf5 14. Nb5
Bc5+ 15. Kh1 Bd7 16. Nd6 Bxd6 17. Rxd6 Rac8 18. Bb3 Rcd8 19. Qd3 Qe5 20. Qd4
Qxd4 21. Rxd4 Bc6 22. Rxd8 Rxd8 23. Bg5 h6 24. Bh4 g5 25. Be1 g4 26. Rd1 Rxd1
27. Bxd1 gxf3 28. gxf3 Nd5 29. Bd2 Kg7 30. Kg2 e5 31. Kg3 f5 32. Bc2 Bd7 33.
Bb3 Ne7 34. Bc2 f4+ 35. Kf2 Kf6 36. Bb4 h5 37. Bxe7+ Kxe7 38. Be4 Bc6 39. Bg6
h4 40. Bc2 Kd6 41. Bf5 Kc5 42. Ke2 Kd4 43. Bg4 Bb5+ 44. Kd2 e4 45. fxe4 Kxe4
46. Bh3 f3 47. Bc8 Ba6 0-1

[Event "I Open Internacional 64 Villalba 2013"]
[Site "Collado Villalba ESP"]
[Date "2013.07.27"]
[Round "1.2"]
[White "Bermejo Arruego, Luis"]
[Black "Blanco Samaniego, Alejandro"]
[Result "1/2-1/2"]
[WhiteElo "2181"]
[BlackElo "1724"]
[PlyCount "45"]
[EventDate "2013.07.27"]
[EventType "swiss"]
[EventRounds "9"]
[EventCountry "ESP"]
[Source "lmi"]
[SourceDate "2013.07.27"]

1. d4 Nf6 2. Nf3 g6 3. Nc3 Bg7 4. e4 d6 5. h3 O-O 6. Be2 c5 7. dxc5 dxc5 8.
Qxd8 Rxd8 9. Be3 b6 10. e5 Ne8 11. O-O Nc6 12. Bf4 Nc7 13. Rfd1 Bf5 14. g4 Bxc2
15. Rxd8+ Rxd8 16. Ne1 Nd4 17. Bc4 a6 18. Rc1 b5 19. Nxc2 bxc4 20. Ne3 Nce6 21.
Bg3 Nf3+ 22. Kg2 Nxe5 23. Na4 1/2-1/2

[Event "I Open Internacional 64 Villalba 2013"]
[Site "Collado Villalba ESP"]
[Date "2013.07.27"]
[Round "1.3"]
[White "Gutierrez Diaz, Pablo"]
[Black "Arbunic Castro, Giovanna"]
[Result "0-1"]
[WhiteElo "1723"]
[BlackElo "2054"]
[PlyCount "112"]
[EventDate "2013.07.27"]
[EventType "swiss"]
[EventRounds "9"]
[EventCountry "ESP"]
[Source "lmi"]
[SourceDate "2013.07.27"]

1. e4 c5 2. Nf3 Nc6 3. c4 g6 4. d4 cxd4 5. Nxd4 Bg7 6. Be3 Nf6 7. f3 O-O 8. Be2
Qb6 9. Nc2 Qxb2 10. Nd2 b6 11. O-O Ba6 12. Rb1 Qe5 13. c5 Bxe2 14. Qxe2 bxc5
15. Nc4 Qc7 16. Bxc5 Rfc8 17. N2e3 d6 18. Ba3 Rab8 19. Qd2 Bh6 20. Qe2 Na5 21.
Nxa5 Qxa5 22. Rxb8 Rxb8 23. Bc1 Rb1 24. Nc4 Qc5+ 25. Be3 Bxe3+ 26. Nxe3 Rb4 27.
Rd1 e6 28. Kf1 Nxe4 29. fxe4 Rxe4 30. Re1 d5 31. Qc2 Qb6 32. Qb3 Qa6+ 33. Kf2
Rf4+ 34. Kg1 Re4 35. Kf2 Qd6 36. g3 a5 37. Qb5 a4 38. Rb1 Qa3 39. Qb8+ Kg7 40.
Qb2+ Qxb2+ 41. Rxb2 Kf6 42. Kf3 h5 43. Rb7 g5 44. h3 Ke5 45. Rxf7 Kd4 46. Nd1
Re1 47. Nf2 e5 48. Ra7 e4+ 49. Kg2 Ke3 50. Rxa4 d4 51. g4 Re2 52. Kg1 Rxf2 53.
Rxd4 Rxa2 54. Rd5 Kf3 55. gxh5 Ra1+ 56. Kh2 e3 0-1

[Event "I Open Internacional 64 Villalba 2013"]
[Site "Collado Villalba ESP"]
[Date "2013.07.27"]
[Round "1.4"]
[White "Aziz Ortego, Omar Luis"]
[Black "Liceras Ruiz, Manuel"]
[Result "1-0"]
[WhiteElo "2045"]
[BlackElo "1711"]
[PlyCount "67"]
[EventDate "2013.07.27"]
[EventType "swiss"]
[EventRounds "9"]
[EventCountry "ESP"]
[Source "lmi"]
[SourceDate "2013.07.27"]

1. e4 Nf6 2. e5 Nd5 3. Nf3 d6 4. d4 Bg4 5. Bc4 dxe5 6. Nc3 e6 7. h3 Nxc3 8.
bxc3 Bh5 9. g4 Bg6 10. Nxe5 Be4 11. f3 Bd5 12. Be2 Be7 13. c4 Bh4+ 14. Kf1 Bc6
15. Qd3 O-O 16. Be3 Be8 17. f4 Be7 18. Rd1 f6 19. Nf3 Bg6 20. f5 exf5 21. gxf5
Bh5 22. Rg1 Re8 23. Bh6 Bf8 24. Ne5 Bxe2+ 25. Qxe2 fxe5 26. Bxg7 Bxg7 27. dxe5
Qh4 28. Qf3 Kf8 29. f6 Bh6 30. Rg4 Qxg4 31. Qxg4 Rxe5 32. Qh4 Rf5+ 33. Kg2 Bg5
34. Qxh7 1-0

[Event "I Open Internacional 64 Villalba 2013"]
[Site "Collado Villalba ESP"]
[Date "2013.07.27"]
[Round "1.5"]
[White "Serrano Herreros, Victor"]
[Black "Julian Serra, Rogelio"]
[Result "0-1"]
[WhiteElo "1701"]
[BlackElo "2012"]
[PlyCount "58"]
[EventDate "2013.07.27"]
[EventType "swiss"]
[EventRounds "9"]
[EventCountry "ESP"]
[Source "lmi"]
[SourceDate "2013.07.27"]

1. d4 Nf6 2. c4 e5 3. e3 Bb4+ 4. Bd2 Bxd2+ 5. Nxd2 exd4 6. exd4 O-O 7. Ngf3
Re8+ 8. Be2 Qe7 9. Rc1 d5 10. Rc3 Nc6 11. Re3 Be6 12. O-O Ng4 13. Rc3 Rad8 14.
h3 Nf6 15. Re1 dxc4 16. Nxc4 Nd5 17. Rc1 Nf4 18. Bf1 Qf6 19. Nce5 Bd5 20. Bc4
Bxc4 21. Nxc4 Rxe1+ 22. Qxe1 Nd3 23. Qe3 Nxc1 24. Qxc1 Nxd4 25. Nxd4 Rxd4 26.
Ne3 Qd6 27. Qf1 Rd3 28. Nf5 Qd7 29. Nh4 Rd1 0-1

[Event "I Open Internacional 64 Villalba 2013"]
[Site "Collado Villalba ESP"]
[Date "2013.07.27"]
[Round "1.6"]
[White "Cano Cabanillas, Javier"]
[Black "Pradas Ojeda, Santiago"]
[Result "1-0"]
[WhiteElo "1991"]
[BlackElo "1682"]
[PlyCount "91"]
[EventDate "2013.07.27"]
[EventType "swiss"]
[EventRounds "9"]
[EventCountry "ESP"]
[Source "lmi"]
[SourceDate "2013.07.27"]

1. e4 e5 2. Bc4 Nc6 3. Nf3 Nf6 4. d4 exd4 5. e5 Ne4 6. O-O Be7 7. c3 d5 8. Bb3
O-O 9. cxd4 Be6 10. Nc3 Nxc3 11. bxc3 b5 12. Bc2 g6 13. Bh6 Re8 14. Qd2 Bf8 15.
Bxf8 Rxf8 16. Qh6 f5 17. exf6 Rxf6 18. Ng5 Qd7 19. Rae1 Re8 20. f4 Re7 21. Qh4
Rf8 22. g4 Rfe8 23. f5 Nd8 24. fxe6 Nxe6 25. Nxe6 Rxe6 26. Rxe6 Qxe6 27. Qg3 c6
28. Qf3 Kg7 29. g5 Qe7 30. Qf6+ Qxf6 31. gxf6+ Kf7 32. Bd1 Re3 33. Bg4 Rxc3 34.
Be6+ Kf8 35. Rf2 a5 36. h4 a4 37. h5 g5 38. Rf5 h6 39. f7 b4 40. Rf6 b3 41.
axb3 a3 42. Rxh6 Rf3 43. Rh8+ Ke7 44. Re8+ Kd6 45. f8=Q+ Rxf8 46. Rxf8 1-0

[Event "I Open Internacional 64 Villalba 2013"]
[Site "Collado Villalba ESP"]
[Date "2013.07.27"]
[Round "1.7"]
[White "Garcia Castineira, Ivan"]
[Black "Sanchez Alvarez, Jorge"]
[Result "1-0"]
[WhiteElo "1680"]
[BlackElo "1987"]
[PlyCount "53"]
[EventDate "2013.07.27"]
[EventType "swiss"]
[EventRounds "9"]
[EventCountry "ESP"]
[Source "lmi"]
[SourceDate "2013.07.27"]

1. d4 d5 2. c4 dxc4 3. Nf3 Nf6 4. e3 a6 5. Bxc4 e6 6. O-O Be7 7. Nc3 Nbd7 8. e4
b5 9. Bd3 c5 10. e5 Nd5 11. Nxd5 exd5 12. Be3 cxd4 13. Bxd4 Bc5 14. Rc1 Qe7 15.
Qc2 Bb6 16. Bxb6 Nxb6 17. Qc6+ Bd7 18. Qxb6 O-O 19. Rc7 Rfb8 20. Qd6 Qxd6 21.
exd6 Be6 22. Ng5 Rb6 23. Nxe6 fxe6 24. d7 Rd8 25. Rc8 Rb8 26. Rxb8 Rxb8 27. Rc1
1-0

[Event "I Open Internacional 64 Villalba 2013"]
[Site "Collado Villalba ESP"]
[Date "2013.07.27"]
[Round "1.8"]
[White "Lopez Ziegler, Carlos"]
[Black "San Felipe Asis, Raquel"]
[Result "1-0"]
[WhiteElo "1966"]
[BlackElo "1677"]
[PlyCount "53"]
[EventDate "2013.07.27"]
[EventType "swiss"]
[EventRounds "9"]
[EventCountry "ESP"]
[Source "lmi"]
[SourceDate "2013.07.27"]

1. e4 d5 2. Nc3 d4 3. Nce2 e5 4. Ng3 Nc6 5. Nf3 Bd6 6. Bc4 Na5 7. Bb5+ Nc6 8.
c3 Bd7 9. O-O Nge7 10. d3 O-O 11. h3 a6 12. Ba4 h6 13. Nh4 Ng6 14. Nhf5 Nf4 15.
Nxd6 cxd6 16. Bxc6 bxc6 17. cxd4 Nxh3+ 18. gxh3 Bxh3 19. Re1 exd4 20. Qh5 Qd7
21. Nf5 Bxf5 22. exf5 Rfe8 23. Bf4 c5 24. f6 gxf6 25. Bxh6 Re5 26. Rxe5 dxe5
27. Kh2 1-0

[Event "I Open Internacional 64 Villalba 2013"]
[Site "Collado Villalba ESP"]
[Date "2013.07.27"]
[Round "1.9"]
[White "Porras Fernandez, Alberto"]
[Black "Villanueva Arguinberri, Bruno"]
[Result "0-1"]
[WhiteElo "1668"]
[BlackElo "1961"]
[PlyCount "78"]
[EventDate "2013.07.27"]
[EventType "swiss"]
[EventRounds "9"]
[EventCountry "ESP"]
[Source "lmi"]
[SourceDate "2013.07.27"]

1. e4 e6 2. d4 d5 3. Nd2 c5 4. Ngf3 cxd4 5. Nxd4 Nc6 6. Nxc6 bxc6 7. Bd3 Bd6 8.
O-O Qc7 9. h3 Nf6 10. Re1 O-O 11. Nf3 e5 12. Bg5 Nxe4 13. Bxe4 dxe4 14. Rxe4 f5
15. Rc4 Be6 16. Rc3 Bb4 17. Re3 e4 18. Nd4 Bd5 19. g3 Rab8 20. Bf4 Bd6 21. Bxd6
Qxd6 22. b3 Qg6 23. c4 f4 24. Rc3 Bf7 25. Qg4 Qf6 26. Rd1 Rbd8 27. Qxf4 Rxd4
28. Rxd4 Qxd4 29. Qe3 Qd1+ 30. Kg2 Bg6 31. Qxa7 Qd2 32. Qe3 Rxf2+ 33. Qxf2 Qxc3
34. Qf4 h6 35. h4 Qc2+ 36. Qf2 Qd3 37. Qf1 Bh5 38. Qf5 Bf3+ 39. Kh3 Qf1+ 0-1

[Event "I Open Internacional 64 Villalba 2013"]
[Site "Collado Villalba ESP"]
[Date "2013.07.27"]
[Round "1.10"]
[White "Ruiz Sanchez, Roberto"]
[Black "Perez Suchan, Saul Mario"]
[Result "1-0"]
[WhiteElo "1958"]
[BlackElo "1649"]
[PlyCount "103"]
[EventDate "2013.07.27"]
[EventType "swiss"]
[EventRounds "9"]
[EventCountry "ESP"]
[Source "lmi"]
[SourceDate "2013.07.27"]

1. e4 c5 2. Nf3 d6 3. d4 cxd4 4. Nxd4 Nf6 5. Nc3 a6 6. Be2 e6 7. O-O Be7 8. f4
O-O 9. Kh1 Nbd7 10. a4 Nc5 11. Bf3 e5 12. Nde2 Bg4 13. Bxg4 Nxg4 14. Ng3 Nf6
15. Nf5 Qd7 16. Nd5 Nxd5 17. Qxd5 Rfd8 18. fxe5 dxe5 19. Be3 Bf8 20. Qxe5 Re8
21. Qg3 Nxe4 22. Qg4 Qe6 23. Nh6+ Kh8 24. Nxf7+ Kg8 25. Qxe6 Rxe6 26. Bd4 Rae8
27. Rf5 Nf6 28. Ne5 Ng4 29. Nxg4 Re4 30. c3 Rxg4 31. Kg1 Re2 32. Rf2 Rge4 33.
Kf1 Rxf2+ 34. Kxf2 Bd6 35. g3 Be5 36. Kf3 Rxd4 37. cxd4 Bxd4 38. Rb1 b5 39. Ke4
Bf6 40. a5 b4 41. Kd5 Bd8 42. Ra1 Kf7 43. Kc6 Bf6 44. Kb7 Bxb2 45. Rb1 Bc3 46.
Kxa6 Ke7 47. Kb5 Kd7 48. Rxb4 Bxb4 49. Kxb4 Kc6 50. h4 h5 51. Kc4 Kb7 52. Kd5
1-0

[Event "I Open Internacional 64 Villalba 2013"]
[Site "Collado Villalba ESP"]
[Date "2013.07.27"]
[Round "1.11"]
[White "Romero Jaime, Pedro"]
[Black "Olias Munoz, Francisco"]
[Result "0-1"]
[WhiteElo "1620"]
[BlackElo "1958"]
[PlyCount "72"]
[EventDate "2013.07.27"]
[EventType "swiss"]
[EventRounds "9"]
[EventCountry "ESP"]
[Source "lmi"]
[SourceDate "2013.07.27"]

1. c4 Nf6 2. g3 g6 3. Bg2 Bg7 4. Nc3 O-O 5. Nf3 d5 6. cxd5 Nxd5 7. O-O c6 8.
Qb3 e5 9. d3 Na6 10. a3 Nc5 11. Qc2 Ne6 12. e3 Bd7 13. Ne4 Qe7 14. Bd2 Rac8 15.
Rac1 Rfd8 16. Qb3 b6 17. Nc3 Nxc3 18. Bxc3 Nc7 19. Qc2 Nd5 20. Bd2 c5 21. e4
Nc7 22. Bg5 f6 23. Be3 Be6 24. Rfd1 Nb5 25. Bh3 Nd4 26. Bxe6+ Qxe6 27. Bxd4
exd4 28. Qc4 Kf7 29. Qa6 Rc7 30. e5 Bh6 31. Rc2 f5 32. Kf1 Qb3 33. Nxd4 Rxd4
34. e6+ Ke7 35. Rcd2 Bxd2 36. Rxd2 Ra4 0-1

[Event "I Open Internacional 64 Villalba 2013"]
[Site "Collado Villalba ESP"]
[Date "2013.07.27"]
[Round "1.12"]
[White "Martinez Ayesa, Aitor"]
[Black "Orantes Sanz, Ricardo"]
[Result "1-0"]
[WhiteElo "1942"]
[BlackElo "1600"]
[PlyCount "47"]
[EventDate "2013.07.27"]
[EventType "swiss"]
[EventRounds "9"]
[EventCountry "ESP"]
[Source "lmi"]
[SourceDate "2013.07.27"]

1. d4 Nf6 2. Nf3 d6 3. c4 Bf5 4. g3 Nbd7 5. Bg2 c5 6. Nc3 Ne4 7. O-O Qb6 8. Nd5
Qc6 9. Nd2 e6 10. Nxe4 exd5 11. cxd5 Qb6 12. dxc5 dxc5 13. Nd2 Ne5 14. Qa4+ Bd7
15. Qe4 Bd6 16. Nc4 Qc7 17. f4 f5 18. Nxd6+ Qxd6 19. Qxe5+ Qxe5 20. fxe5 g6 21.
e6 Bb5 22. d6 Bc6 23. Bxc6+ bxc6 24. Bg5 1-0

[Event "I Open Internacional 64 Villalba 2013"]
[Site "Collado Villalba ESP"]
[Date "2013.07.27"]
[Round "1.13"]
[White "Martinez De Navascues, Francis"]
[Black "Santamaria Baeza, Adolfo"]
[Result "0-1"]
[WhiteElo "1594"]
[BlackElo "1936"]
[PlyCount "80"]
[EventDate "2013.07.27"]
[EventType "swiss"]
[EventRounds "9"]
[EventCountry "ESP"]
[Source "lmi"]
[SourceDate "2013.07.27"]

1. Nf3 Nf6 2. b3 d6 3. e3 e5 4. Bb2 Bg4 5. h3 Bh5 6. Be2 Nc6 7. d4 e4 8. Nfd2
Bg6 9. c4 d5 10. O-O Bd6 11. cxd5 Nxd5 12. Nc3 Nxc3 13. Bxc3 O-O 14. Nc4 Ne7
15. Nxd6 cxd6 16. d5 Nf5 17. Re1 Qg5 18. Bg4 Rac8 19. Qd2 h5 20. Bxf5 Bxf5 21.
Kh2 Bd7 22. Rg1 Rc5 23. Rad1 Rfc8 24. Bb4 Rc2 25. Qd4 Rxf2 26. Bxd6 h4 27. Rdf1
Rxa2 28. Rf4 Qg3+ 29. Kh1 Rxg2 30. Qxg7+ Qxg7 31. Rxg2 Bxh3 32. Rxg7+ Kxg7 33.
Rxh4 Bf5 34. Be5+ f6 35. Bf4 Rc3 36. Rh5 Bg6 37. Rh2 Rxb3 38. Rd2 Rd3 39. Rb2
b6 40. d6 Bf7 0-1

[Event "I Open Internacional 64 Villalba 2013"]
[Site "Collado Villalba ESP"]
[Date "2013.07.27"]
[Round "1.14"]
[White "Sotoca Aguado, Jose"]
[Black "Folgar Lopez, Angel"]
[Result "1-0"]
[WhiteElo "1928"]
[BlackElo "1574"]
[PlyCount "120"]
[EventDate "2013.07.27"]
[EventType "swiss"]
[EventRounds "9"]
[EventCountry "ESP"]
[Source "lmi"]
[SourceDate "2013.07.27"]

1. e4 e6 2. d4 d5 3. Nc3 c5 4. exd5 exd5 5. Nf3 Nf6 6. Be3 c4 7. Be2 Be7 8. O-O
O-O 9. Ne5 Be6 10. f4 Qb6 11. Rb1 Nc6 12. g4 Nxe5 13. fxe5 Nd7 14. Qd2 f6 15.
Bf3 fxe5 16. Nxd5 Bxd5 17. Bxd5+ Kh8 18. Bxc4 exd4 19. Bxd4 Bc5 20. c3 Ne5 21.
Be2 Rad8 22. Rxf8+ Rxf8 23. Bxc5 Qxc5+ 24. Qd4 Qxd4+ 25. cxd4 Ng6 26. Bc4 Rf4
27. Re1 Rxg4+ 28. Kf2 Rf4+ 29. Ke3 Rf8 30. Be6 Nf4 31. Kd2 g6 32. Bb3 Rd8 33.
Re4 g5 34. Ke3 h6 35. Re5 Ng2+ 36. Ke4 Rf8 37. Re7 Rf4+ 38. Ke5 Nh4 39. Re8+
Kg7 40. d5 Ng6+ 41. Kd6 Rf6+ 42. Re6 Kf7 43. Rxf6+ Kxf6 44. Kc7 Nf8 45. d6 h5
46. Kd8 h4 47. Ke8 Ke5 48. Kxf8 Kxd6 49. Kf7 Ke5 50. Kg6 Kf4 51. h3 g4 52. hxg4
Kxg4 53. Bd5 Kg3 54. Bxb7 h3 55. b4 h2 56. Kf5 Kf2 57. a4 Kg1 58. b5 h1=Q 59.
Bxh1 Kxh1 60. a5 Kg2 1-0

[Event "I Open Internacional 64 Villalba 2013"]
[Site "Collado Villalba ESP"]
[Date "2013.07.27"]
[Round "1.15"]
[White "Lopez Rodriguez, Alvaro"]
[Black "Sanz Varea, Jose M"]
[Result "0-1"]
[WhiteElo "1532"]
[BlackElo "1900"]
[PlyCount "84"]
[EventDate "2013.07.27"]
[EventType "swiss"]
[EventRounds "9"]
[EventCountry "ESP"]
[Source "lmi"]
[SourceDate "2013.07.27"]

1. e4 Nf6 2. Nc3 d5 3. e5 d4 4. exf6 dxc3 5. Qf3 cxd2+ 6. Bxd2 exf6 7. O-O-O
Nc6 8. Bb5 Bd7 9. Bc3 Bd6 10. g4 O-O 11. h4 Ne5 12. Bxe5 Bxb5 13. Bxd6 cxd6 14.
Qxb7 Qa5 15. a3 Rfc8 16. Rd5 Qe1+ 17. Rd1 Qxf2 18. Rd2 Qe1+ 19. Rd1 Qe3+ 20.
Kb1 Bc6 21. Rh3 Qe5 22. Qa6 Rab8 23. Rc3 Qxc3 24. Qxc8+ Rxc8 25. bxc3 Rd8 26.
c4 Kf8 27. Ne2 Bf3 28. Rd2 Bxg4 29. Nc3 Be6 30. c5 Rb8+ 31. Kc1 dxc5 32. Na4
Rc8 33. Rd6 Ke7 34. Ra6 Rc7 35. Ra5 Kd6 36. Nc3 Kc6 37. Ra6+ Kb7 38. Ra4 c4 39.
Nb5 Rc6 40. Rxa7+ Kb6 41. a4 Rc5 42. c3 Rxb5 0-1

[Event "I Open Internacional 64 Villalba 2013"]
[Site "Collado Villalba ESP"]
[Date "2013.07.27"]
[Round "1.16"]
[White "Fernandez Aransay, Fernando"]
[Black "Picazo Sancho, Alvaro"]
[Result "0-1"]
[WhiteElo "1889"]
[BlackElo "1521"]
[PlyCount "98"]
[EventDate "2013.07.27"]
[EventType "swiss"]
[EventRounds "9"]
[EventCountry "ESP"]
[Source "lmi"]
[SourceDate "2013.07.27"]

1. e4 c5 2. Nf3 Nc6 3. d4 cxd4 4. Nxd4 Qc7 5. c4 e6 6. Be2 Nf6 7. Nc3 a6 8. O-O
Bb4 9. Qd3 O-O 10. Bd2 Bd6 11. f4 Nxd4 12. e5 Nxe2+ 13. Qxe2 Bc5+ 14. Kh1 Ne8
15. Rf3 f6 16. Rh3 g6 17. Qe1 Rf7 18. Ne4 Be7 19. Qh4 fxe5 20. Ng5 Bxg5 21.
Qxg5 d6 22. Bc3 Qxc4 23. Qd8 Qc6 24. fxe5 d5 25. Ba5 Qd7 26. Qb6 Qb5 27. Qxb5
axb5 28. Bb4 Rf2 29. Rc3 Bd7 30. a3 Bc6 31. Rg3 Ng7 32. Kg1 Rf4 33. Rd1 Rc8 34.
Rc3 Rc7 35. g3 Rf5 36. g4 Rf4 37. h3 Rcf7 38. Rdc1 d4 39. Rxc6 bxc6 40. Rxc6 h6
41. g5 hxg5 42. Rc1 Nh5 43. b3 Rf2 44. a4 bxa4 45. bxa4 Ng3 46. Rc8+ Kg7 47. a5
Ne2+ 48. Kh1 Rf1+ 49. Kg2 R7f2# 0-1

[Event "I Open Internacional 64 Villalba 2013"]
[Site "Collado Villalba ESP"]
[Date "2013.07.27"]
[Round "1.17"]
[White "Vazquez Cabeza, Isaac"]
[Black "Ballina Amandi, Casimiro"]
[Result "1/2-1/2"]
[WhiteElo "1510"]
[BlackElo "1888"]
[PlyCount "78"]
[EventDate "2013.07.27"]
[EventType "swiss"]
[EventRounds "9"]
[EventCountry "ESP"]
[Source "lmi"]
[SourceDate "2013.07.27"]

1. c4 c5 2. Nc3 Nc6 3. g3 Nf6 4. Bg2 g6 5. Nf3 d6 6. O-O Bg7 7. d3 O-O 8. Bd2
a6 9. Qc1 Rb8 10. Bh6 b5 11. Bxg7 Kxg7 12. b3 Bd7 13. h3 Qc7 14. Qb2 Kg8 15.
Qd2 Rfc8 16. Qh6 Qd8 17. Ng5 Qf8 18. Qxf8+ Rxf8 19. Nf3 Rfc8 20. Kh2 h6 21. e3
e6 22. Rfd1 d5 23. cxd5 exd5 24. Ne2 Be6 25. Nf4 Kg7 26. Nxe6+ fxe6 27. Rac1
Ne7 28. Rc2 c4 29. dxc4 bxc4 30. bxc4 Rxc4 31. Rxc4 dxc4 32. Rc1 Rb2 33. Rxc4
Rxa2 34. Kg1 Nfd5 35. Nd4 Kf6 36. Bxd5 exd5 37. Rb4 Kf7 38. Rb7 Kf6 39. Rb6+
Kf7 1/2-1/2

[Event "I Open Internacional 64 Villalba 2013"]
[Site "Collado Villalba ESP"]
[Date "2013.07.27"]
[Round "1.18"]
[White "Elizondo Market, Juan Marcos"]
[Black "Barria Arbunic, Manuel"]
[Result "1/2-1/2"]
[WhiteElo "1880"]
[BlackElo "1506"]
[PlyCount "111"]
[EventDate "2013.07.27"]
[EventType "swiss"]
[EventRounds "9"]
[EventCountry "ESP"]
[Source "lmi"]
[SourceDate "2013.07.27"]

1. e4 e6 2. d4 d5 3. Nd2 c5 4. Ngf3 Nc6 5. exd5 Qxd5 6. Bc4 Qd8 7. dxc5 Bxc5 8.
O-O Nf6 9. Qe2 O-O 10. Nb3 Bd6 11. Bg5 h6 12. Bh4 Bc7 13. Rad1 Qe7 14. Nfd4 Bd7
15. Nb5 Bb8 16. Bxf6 gxf6 17. Qh5 a6 18. N5d4 Ne5 19. Be2 Kg7 20. f4 Ng6 21. f5
exf5 22. Nxf5+ Bxf5 23. Rxf5 Ba7+ 24. Kh1 Rad8 25. Rdf1 Rd6 26. Bd3 Re8 27.
R5f3 Re6 28. Rh3 Re1 29. Qxh6+ Kg8 30. Qh7+ Kf8 31. Rhf3 Rxf1+ 32. Rxf1 Qe1 33.
g3 Qe5 34. Qh6+ Kg8 35. c4 Qd6 36. Rf3 Re1+ 37. Kg2 Qc6 38. Bxg6 fxg6 39. Qxg6+
Kh8 40. Qxf6+ Qxf6 41. Rxf6 Re2+ 42. Kh3 Rxb2 43. Rf7 Bg1 44. Rxb7 Rxh2+ 45.
Kg4 Rxa2 46. c5 Rc2 47. Rc7 a5 48. c6 a4 49. Rc8+ Kg7 50. Na5 a3 51. Nb3 Rc3
52. c7 Bb6 53. Ra8 Rxc7 54. Rxa3 Rc3 55. Kh4 Bf2 56. Kg4 1/2-1/2

[Event "I Open Internacional 64 Villalba 2013"]
[Site "Collado Villalba ESP"]
[Date "2013.07.27"]
[Round "1.19"]
[White "Ojosnegros Martin, Angel"]
[Black "Camarero Izquierdo, Juan Carlo"]
[Result "0-1"]
[WhiteElo "1505"]
[BlackElo "1877"]
[PlyCount "80"]
[EventDate "2013.07.27"]
[EventType "swiss"]
[EventRounds "9"]
[EventCountry "ESP"]
[Source "lmi"]
[SourceDate "2013.07.27"]

1. e4 c5 2. Nf3 d6 3. d4 cxd4 4. Nxd4 Nf6 5. Nc3 a6 6. Bc4 e6 7. Bb3 b5 8. a3
Be7 9. O-O O-O 10. Be3 Bb7 11. f3 Nbd7 12. Nce2 Nc5 13. c4 bxc4 14. Bxc4 d5 15.
exd5 Bxd5 16. Bxd5 Nxd5 17. Bf2 Bh4 18. Rc1 Bxf2+ 19. Rxf2 Qb6 20. b4 Nd7 21.
Nc6 Rac8 22. Ne7+ Nxe7 23. Rxc8 Nxc8 24. Qxd7 Nd6 25. Qa4 h6 26. Qc2 Rc8 27.
Qd3 Nf5 28. Nc3 Rd8 29. Qe2 Qd4 30. Ne4 Qa1+ 31. Rf1 Qxa3 32. Nc5 Rd6 33. Rb1
Nd4 34. Qd1 Qa2 35. Qf1 Ne2+ 36. Kh1 Rd2 37. Nb3 Rc2 38. Na1 Rc4 39. Rd1 Rxb4
40. Qe1 Rb2 0-1

[Event "I Open Internacional 64 Villalba 2013"]
[Site "Collado Villalba ESP"]
[Date "2013.07.27"]
[Round "1.20"]
[White "Ortega Morales, Pedro"]
[Black "Herreros Ruiz, Jorge Alejandro"]
[Result "1/2-1/2"]
[WhiteElo "1864"]
[BlackElo "1461"]
[PlyCount "71"]
[EventDate "2013.07.27"]
[EventType "swiss"]
[EventRounds "9"]
[EventCountry "ESP"]
[Source "lmi"]
[SourceDate "2013.07.27"]

1. d4 Nf6 2. Bf4 g6 3. e3 Bg7 4. Nf3 d6 5. h3 Bf5 6. Nbd2 Nbd7 7. Be2 O-O 8.
O-O a6 9. a4 c5 10. c3 Qb6 11. Nc4 Qc6 12. Nfd2 b5 13. axb5 axb5 14. Bf3 Rxa1
15. Qxa1 Qc7 16. Qa5 Qxa5 17. Nxa5 Bd3 18. Ra1 e5 19. Bg3 cxd4 20. exd4 exd4
21. Bxd6 Re8 22. cxd4 Ne4 23. Ndb3 Nxd6 24. Bc6 Re7 25. Bxd7 Rxd7 26. Nc5 Rc7
27. Nxd3 Bxd4 28. Nb3 Bh8 29. Ra8+ Rc8 30. Ra2 Nc4 31. g3 h5 32. h4 Kh7 33. Kg2
Nxb2 34. Nxb2 Rc2 35. Ra5 Rxb2 36. Rxb5 1/2-1/2

[Event "I Open Internacional 64 Villalba 2013"]
[Site "Collado Villalba ESP"]
[Date "2013.07.28"]
[Round "2.1"]
[White "Sanchez Gonzalez, Sergio"]
[Black "Cabrera Jimenez, Julio"]
[Result "1-0"]
[WhiteElo "2304"]
[BlackElo "1851"]
[PlyCount "63"]
[EventDate "2013.07.27"]
[EventType "swiss"]
[EventRounds "9"]
[EventCountry "ESP"]
[Source "lmi"]
[SourceDate "2013.07.27"]

1. Nf3 d5 2. c4 c6 3. b3 Nf6 4. g3 e6 5. Bg2 Nbd7 6. Bb2 Be7 7. d3 O-O 8. O-O
Qc7 9. Nc3 b6 10. e4 dxe4 11. dxe4 Rd8 12. Qc2 Bb7 13. Rad1 Ng4 14. h3 Nge5 15.
Nd4 a6 16. f4 Ng6 17. e5 c5 18. Nf3 Rab8 19. Ne4 Bxe4 20. Qxe4 b5 21. f5 exf5
22. Qxf5 Rb6 23. Ng5 Bxg5 24. Qxg5 Re6 25. Bd5 Re7 26. h4 Rde8 27. Rxf7 Rxf7
28. e6 Kh8 29. exf7 Rf8 30. h5 Nge5 31. h6 g6 32. Re1 1-0

[Event "I Open Internacional 64 Villalba 2013"]
[Site "Collado Villalba ESP"]
[Date "2013.07.28"]
[Round "2.2"]
[White "Arbunic Castro, Giovanna"]
[Black "Diaz Begonte, Manuel"]
[Result "1-0"]
[WhiteElo "2054"]
[BlackElo "1851"]
[PlyCount "103"]
[EventDate "2013.07.27"]
[EventType "swiss"]
[EventRounds "9"]
[EventCountry "ESP"]
[Source "lmi"]
[SourceDate "2013.07.27"]

1. d4 d5 2. c4 c6 3. Nf3 Nf6 4. Nc3 dxc4 5. e3 b5 6. a4 b4 7. Na2 e6 8. Bxc4
Nbd7 9. O-O Bb7 10. Qe2 Be7 11. e4 O-O 12. Rd1 Nb6 13. Bd3 Re8 14. a5 Nbd7 15.
a6 Bc8 16. Bg5 h6 17. Bh4 Nh5 18. Nxb4 Bxh4 19. Nxc6 Qb6 20. Nxh4 Nf4 21. Qc2
Nxd3 22. Rxd3 Bxa6 23. Rc3 Rac8 24. d5 exd5 25. Nf5 Kf8 26. Nd6 d4 27. Nxc8
Rxc8 28. Nxd4 Re8 29. Nf5 Ne5 30. Qb3 Rb8 31. Qxb6 Rxb6 32. Rca3 Bc8 33. Rxa7
Bxf5 34. exf5 Rxb2 35. Rc7 Rb8 36. g3 g5 37. fxg6 Nxg6 38. Raa7 Nh8 39. h4 Kg7
40. h5 Kf6 41. Ra5 Re8 42. Rc6+ Kg7 43. g4 f6 44. Ra7+ Nf7 45. Rcc7 Rf8 46. Kg2
Kg8 47. Rxf7 Rxf7 48. Rxf7 Kxf7 49. Kg3 Ke6 50. Kf4 Kf7 51. Kf5 Kg7 52. Ke6 1-0